Hoá đại cương

Kaydedildi:
Detaylı Bibliyografya
Materyal Türü: Kitap
Dil:Vietnamese
Baskı/Yayın Bilgisi: Giáo dục 2008
Etiketler: Etiketle
Etiket eklenmemiş, İlk siz ekleyin!
Thư viện lưu trữ: Mạng thư viện Đại học Đà Nẵng
LEADER 00573nam a2200241 4500
001 000021763
003 18211
005 20150423090455.0
008 150423s2008 viesd
020 |c 47000 
041 0 |a vie 
082 1 4 |a 541  |b Ho-Đ 
245 1 0 |a Hoá đại cương  |c Phan An chủ biên 
260 |b Giáo dục  |c 2008 
300 |a tr.  |c cm. 
OWN |a LSP 
999 |a From the UDN01 
TYP |a Monograph 
TYP |a Printed language 
980 |a Mạng thư viện Đại học Đà Nẵng